| 000 | 00550cam a2200217ua 4500 | ||
|---|---|---|---|
| 001 | 42 | ||
| 008 | 171012n ii |||gr||||Z||||||eng | ||
| 020 | _a81-7635-136-9 | ||
| 040 | _cMAIN | ||
| 041 | _aeng | ||
| 082 | _a005.118 | ||
| 100 | _aWilliams, Mickey., | ||
| 245 |
_aTeach Yourself Visual C++ 6 in 24 Hours. _cBy Mickey Williams. |
||
| 250 | _a1st. | ||
| 260 |
_aNew Delhi.: _bTechmedia.,998. |
||
| 300 |
_axviii, 439 p.: _bill.; _c24 cm. |
||
| 653 | _aComputer Science. | ||
| 653 | _aVisual C++ | ||
| 700 | 1 | _aWilliams, Mickey., | |
| 942 | _cBK | ||
| 999 |
_c35 _d35 |
||